Super Smash Bros. Fighters #19 - The Pichu Quiz - Statistics

General Stats
  • This quiz has been taken 140 times
  • The average score is 12 of 17
Answer Stats
Hint Answer % Correct
What Pokémon can Pichu evolve into? Pikachu
100%
What Pokémon type is Pichu? Electric
99%
What Pokémon can Pichu evolve into? Raichu
94%
How does Pichu evolve? Level up with high {friendship}
82%
Who are the starter Pokémon in Gold & Silver? Chikorita
81%
Pichu is a baby Pokémon. Name one other baby Pokémon: Cleffa, Riolu, Igglybuff…
81%
What are the names of the Nintendo DS remakes of Pokémon Gold & Silver? SoulSilver
81%
What are the names of the Nintendo DS remakes of Pokémon Gold & Silver? HeartGold
80%
What region do Pokémon Gold & Silver primarily take place? Johto
80%
Who are the starter Pokémon in Gold & Silver? Cyndaquil
79%
Who are the starter Pokémon in Gold & Silver? Totodile
79%
A special form of Pichu has this spiky body part: Ear
74%
Who is the professor in this region? Professor Elm
69%
What category of Pokémon is Pichu? {Tiny} {Mouse} Pokémon
39%
In Pokémon Ranger: Guardian Signs, Pichu can be seen playing this stringed instrument: Ukulele
39%
Pichu Big and Pichu Little make up this Pichu pair: Pichu Bros.
27%
Pokémon Stadium 2 minigame where you must charge up the most electricity: Pichu’s {Power} {Plant}
4%
No matching quizzes found
Score Distribution
Percent of People with Each Score
Percentile by Number Answered
Your Score History
You have not taken this quiz